| 000 | 00662nam a2200193 a 4500 | ||
|---|---|---|---|
| 005 | 20210219153116.0 | ||
| 008 | 991125n 000 0 u | ||
| 035 | _aUPN01000078401 | ||
| 100 | 1 | _aKnight, William E | |
| 222 | _aRESEARCH IN HIGHER EDUCATION | ||
| 245 | _aA examination of freshmen to senior general education gains across a national sample of institutions with different general education requirements using a mixed-effect structural equation model | ||
| 300 | _a41-54 | ||
| 362 | 0 | _a1993 Vol. 34, no. 1 | |
| 653 | 0 | _aRENDIMIENTO | |
| 653 | 0 | _aCURRICULUM | |
| 653 | 0 | _aINVESTIGACION EDUCATIVA | |
| 904 |
_aAC _b016212 |
||
| 905 | _aArticulo | ||
| 999 |
_c68671 _d68671 |
||